英联邦国家 Member states of the Commonwealth of Nations - Statistics

General Stats
  • This quiz has been taken 33 times
  • The average score is 30 of 56
Answer Stats
Hint Answer % Correct
大洋洲 澳大利亚
97%
大洋洲 新西兰
97%
非洲 南非
86%
亚洲 印度
86%
美洲 加拿大
79%
欧洲 英国
76%
非洲 坦桑尼亚联合共和国
69%
亚洲 巴基斯坦
69%
非洲 肯尼亚
66%
亚洲 新加坡
66%
大洋洲 斐济
66%
大洋洲 瑙鲁
66%
非洲 纳米比亚
62%
非洲 尼日利亚
62%
亚洲 马来西亚
62%
非洲 赞比亚
59%
大洋洲 汤加
59%
非洲 乌干达
55%
亚洲 斯里兰卡
55%
欧洲 马耳他
55%
大洋洲 巴布亚新几内亚
55%
非洲 冈比亚
52%
非洲 斯威士兰王国
52%
非洲 莱索托
52%
亚洲 孟加拉国
52%
亚洲 文莱达鲁萨兰国
52%
亚洲 马尔代夫
52%
美洲 巴巴多斯
52%
美洲 牙买加
52%
大洋洲 图瓦卢
52%
非洲 博茨瓦纳
48%
非洲 毛里求斯
48%
非洲 卢旺达
48%
美洲 巴哈马
48%
美洲 伯利兹
48%
大洋洲 所罗门群岛
48%
非洲 莫桑比克
45%
非洲 塞拉利昂
45%
美洲 安提瓜和巴布达
45%
美洲 多米尼加
45%
欧洲 塞浦路斯
45%
大洋洲 萨摩亚
45%
非洲 喀麦隆
41%
非洲 加纳
41%
非洲 马拉维
41%
非洲 塞舌尔
41%
非洲 多哥
41%
美洲 格林纳达
41%
美洲 圭亚那
41%
美洲 特立尼达和多巴哥
41%
大洋洲 基里巴斯
41%
非洲 加蓬
34%
美洲 圣文森特和格林纳丁斯
34%
美洲 圣基茨和尼维斯
31%
大洋洲 瓦努阿图
31%
美洲 圣卢西亚
28%
No matching quizzes found
Score Distribution
Percent of People with Each Score
Percentile by Number Answered
Your Score History
You have not taken this quiz